Statistics for All Eagles Songs

Click here to take the quiz!

General Stats

  • This quiz has been taken 198 times
  • The average score is 31 of 94

Answer Stats

AlbumSong% Correct
Hotel CaliforniaHotel California
97%
DesperadoDesperado
91%
One of These NightsOne of These Nights
85%
The Long RunThe Long Run
83%
EaglesTake It Easy
81%
One of These NightsLyin' Eyes
74%
Hotel CaliforniaNew Kid in Town
74%
Hotel CaliforniaLife in the Fast Lane
73%
EaglesWitchy Woman
73%
DesperadoTequila Sunrise
70%
EaglesPeaceful Easy Feeling
66%
On the BorderOn the Border
63%
On the BorderBest of My Love
60%
One of These NightsTake It to the Limit
60%
The Long RunHeartache Tonight
59%
DesperadoDoolin-Dalton
58%
On the BorderAlready Gone
53%
Eagles LiveSeven Bridges Road
52%
Hotel CaliforniaWasted Time
52%
On the BorderOl' 55
50%
Hotel CaliforniaVictim of Love
50%
Hotel CaliforniaPretty Maids All in a Row
49%
Hotel CaliforniaThe Last Resort
49%
The Long RunThe Sad Café
48%
The Long RunI Can't Tell You Why
47%
EaglesTryin'
44%
On the BorderJames Dean
43%
Hotel CaliforniaTry and Love Again
43%
Long Road Out of EdenLong Road Out of Eden
42%
The Long RunIn the City
40%
SinglePlease Come Home for Christmas
39%
The Long RunThose Shoes
38%
The Long RunThe Greeks Don't Want No Freaks
37%
EaglesTrain Leaves Here This Morning
37%
DesperadoOutlaw Man
35%
DesperadoSaturday Night
35%
Hell Freezes OverGet Over It
34%
EaglesNightingale
34%
Hell Freezes OverLove Will Keep Us Alive
32%
The Very Best OfHole in the World
31%
Eagles LiveLife's Been Good
30%
One of These NightsJourney of the Sorcerer
29%
EaglesMost of Us Are Sad
29%
One of These NightsAfter the Thrill Is Gone
28%
Long Road Out of EdenHow Long
28%
On the BorderMy Man
28%
DesperadoTwenty-One
28%
DesperadoBitter Creek
27%
On the BorderMidnight Flyer
25%
Hell Freezes OverNew York Minute
24%
Long Road Out of EdenBusy Being Fabulous
23%
EaglesEarlybird
22%
One of These NightsHollywood Waltz
22%
The Long RunThe Disco Strangler
22%
DesperadoOut of Control
20%
One of These NightsVisions
20%
On the BorderGood Day in Hell
19%
One of These NightsI Wish You Peace
19%
The Long RunKing of Hollywood
19%
One of These NightsToo Many Hands
19%
DesperadoCertain Kind of Fool
18%
The Long RunTeenage Jail
18%
EaglesChug All Night
17%
Hell Freezes OverLearn to Be Still
17%
Hell Freezes OverThe Heart of the Matter
17%
Long Road Out of EdenWaiting in the Weeds
17%
On the BorderYou Never Cry Like a Lover
17%
Selected Works: 1972-1999Dirty Laundry
16%
Hell Freezes OverThe Girl from Yesterday
16%
Selected Works: 1972-1999Funk #49
15%
On the BorderIs It True?
15%
Eagles LiveAll Night Long
14%
Selected Works: 1972-1999Funky New Year
14%
Long Road Out of EdenNo More Walks in the Wood
14%
EaglesTake the Devil
14%
Long Road Out of EdenI Love to Watch a Woman Dance
12%
Long Road Out of EdenNo More Cloudy Days
12%
Long Road Out of EdenDo Something
11%
Long Road Out of EdenFast Company
11%
Long Road Out of EdenLast Good Time in Town
11%
Long Road Out of EdenFrail Grasp on the Big Picture
10%
Long Road Out of EdenGuilty of the Crime
10%
Long Road Out of EdenCenter of the Universe
9%
Long Road Out of EdenI Don't Want to Hear Any More
9%
Long Road Out of EdenI Dreamed There Was No War
9%
Long Road Out of EdenSomebody
9%
Hell Freezes OverHelp Me Through the Night
8%
Long Road Out of EdenIt's Your World Now
8%
Selected Works: 1972-1999All She Wants to Do Is Dance
7%
Long Road Out of EdenBusiness as Usual
6%
Long Road Out of EdenWhat Do I Do with My Heart
6%
Long Road Out of EdenYou Are Not Alone
6%
Selected Works: 1972-1999Long Run Leftovers
3%
Selected Works: 1972-1999Random Victims, Part 3
3%

Score Distribution

Percentile by Number Answered

Percent of People with Each Score

Your Score History

You have not taken this quiz